000 01143nam a2200325 a 4500
001 vtls000194497
003 NLI
005 20210602113227.0
008 101125s1963 wau 001 0 eng
020 _cUSD 5.50
039 9 _y201011252314
_zVLOAD
040 0 _aNLI
_beng
_cDatasoft 1
_eAACR2
041 0 _aeng
044 _awau
082 0 4 _a333
100 1 _aBarnett, Harold J.
_9375664
245 1 0 _aScarcity and growth :
_bthe economics of natural resource availability /
_cby Harold J. Barnett and Chandler Morse
260 _a[Washington] :
_bPublished for Resources for the Future by Johns Hopkins Press, Baltimore,
_c1963
300 _axv, 288 p. ;
_c24 cm.
500 _aIncludes index
650 0 _aNatural resources
_939898
700 1 _aMorse, Chandler,
_4jt. aut
_9375665
710 2 _aResources for the Future, Washington, D. C.
_9132677
887 _a
901 _a360157
_b31.1.1964
902 _aE 333 B 264
942 _2ddc
_cBKS
949 _AVIRTUAITEM
_D10000
_X100
_6PUR000360157ENG
999 _aVIRTUA40
_c201220
_d201220
999 _aVTLSSORT0080*0200*0400*0410*0440*0820*1000*2450*2600*3000*5000*6500*7000*7100*9010*9020*9490*9991